| 000 | 01173nab a22002297a 4500 | ||
|---|---|---|---|
| 999 |
_c6507 _d6507 |
||
| 003 | OSt | ||
| 005 | 20260213125618.0 | ||
| 008 | 190429b xxu||||| |||| 00| 0 spa d | ||
| 040 | _cPJ | ||
| 100 |
_97115 _aBolos Ingrao, L. E. |
||
| 245 | 1 | 0 |
_aDe los delitos contra menores como excepción a la "Teoría del Fruto del Árbol Envenenado" / _cLucas Ezequiel Bolos Ingrao. |
| 260 |
_cCiudad Autónoma de Buenos Aires : _aThomson Reuters La Ley, _b2024. |
||
| 300 | _ap. 236-245 | ||
| 500 | _aCita: TR LALEY AR/DOC/157/2024. | ||
| 505 | _aSumario: I. Numerosas lecciones.— II. "Fruit of the Poisonous Tree Doctrine".— III. Los niños como sujeto pasivo del delito y la aplicación de la teoría del fruto del árbol envenenado.— IV. Conclusión. | ||
| 505 | _tSi te interesa el texto completo, solicitalo a koha@justierradelfuego.gov.ar | ||
| 650 | 0 |
_9343 _aDERECHO PENAL |
|
| 650 | 0 |
_94885 _aDERECHOS DE LA VÍCTIMA |
|
| 650 | 0 |
_92741 _aDERECHOS DE LAS NIÑAS, NIÑOS Y ADOLESCENTES |
|
| 773 | 0 |
_02658 _93164 _tRevista de derecho penal y criminología. Nº 7 - Junio 2024 _dCiudad Autónoma de Buenos Aires : Thomson Reuters La Ley, 2017- _x00347914 |
|
| 942 |
_2udc _cANA |
||